Historia de la vereda Alisal : (Registro nro. 18762)

Detalles MARC
000 -CABECERA
Campo de control 01335nam a2200313 4500
005 - FECHA Y HORA DE LA ULTIMA TRANSACCION
Campo de control 20180803170307.0
008 - ELEMENTOS DE LONGITUD FIJA—INFORMACION GENERAL
Campo de control 160601b2015 ck ao|||r|||| 00| 0 spa d
020 ## - ISBN
ISBN 9789589365830
040 ## - FUENTE DE CATALOGACIÓN
Agencia catalogadora original CO-BoIAVH
Agencia transcriptora CO-BoIAVH
041 0# - IDIOMA
Código de idioma para texto/pista de sonido o título separado Español
044 ## - PAÍS DE PUBLICACIÓN
País de publicación Colombia
082 04 - NUMERO DE CLASIFICACION DECIMAL DEWEY
Número de clasificación 577.38071
Número del ítem P98a15
100 1# - ASIENTO PRINCIPAL--NOMBRE PERSONAL
Nombre personal Rodríguez, Hernando
Término relacionado autor
9 (RLIN) 71215
245 10 - MENCION DE TITULO
Título Historia de la vereda Alisal :
Parte restante del título un relato sobre nuestros aprendizajes comunitarios y organizativos /
Mención de responsabilidad Hernando Rodríguez [y otros 4]
260 ## - PUBLICACION, DISTRIBUCION, ETC. (PIE DE IMPRENTA)
Lugar de publicación, distribución, etc. Bogotá :
Nombre del editor, distribuidor, etc. Tropenbos Internacional Colombia :
-- UICN Sur,
Fecha de publicación, distribución, etc. 2015.
300 ## - DESCRIPCION FISICA
Extensión 141 páginas :
Otros detalles físicos ilustraciones (algunas a color y fotografías a color ;
Dimensiones 16 x 22 cm.
500 ## - NOTA GENERAL
Nota general Proyecto comunidades de los páramos, fortaleciendo las capacidades y la coordinación para la adaptación a los efectos del cambio climático.
650 16 - ASIENTO SECUNDARIO DE MATERIA - TERMINO TEMATICO
Término temático o nombre geográfico como elemento de entrada Comunidades rurales
9 (RLIN) 95945
650 26 - ASIENTO SECUNDARIO DE MATERIA - TERMINO TEMATICO
Término temático o nombre geográfico como elemento de entrada Conocimientos tradicionales
9 (RLIN) 71217
650 26 - ASIENTO SECUNDARIO DE MATERIA - TERMINO TEMATICO
Término temático o nombre geográfico como elemento de entrada Cerca viva
9 (RLIN) 5012
650 26 - ASIENTO SECUNDARIO DE MATERIA - TERMINO TEMATICO
Término temático o nombre geográfico como elemento de entrada Rehabilitación de tierras
9 (RLIN) 20672
650 26 - ASIENTO SECUNDARIO DE MATERIA - TERMINO TEMATICO
Término temático o nombre geográfico como elemento de entrada Forrajes
9 (RLIN) 71218
662 ## - ASIENTO SECUNDARIO DE MATERIA - JERARQUIA DEL NOMBRE DE LUGAR(
País o entidad mayor Colombia
Jurisdicción política de primer orden Páramo de Guerrero
Jurisdicción política intermedia vereda Alisal (Ubaté, Cundinamarca)
700 1# - ASIENTO SECUNDARIO - NOMBRE PERSONAL
Nombre personal Arévalo, Oliverio
Término de relación autor
9 (RLIN) 71219
700 1# - ASIENTO SECUNDARIO - NOMBRE PERSONAL
Nombre personal Pinilla, Marcela
Término de relación autora
9 (RLIN) 71220
700 1# - ASIENTO SECUNDARIO - NOMBRE PERSONAL
Nombre personal Moncada, Camilo
Término de relación autor
9 (RLIN) 71221
700 1# - ASIENTO SECUNDARIO - NOMBRE PERSONAL
Nombre personal Moncada, Luis
Término de relación autor
9 (RLIN) 71222
942 ## - ELEMENTOS ADICIONALES (KOHA)
Sistema de clasificación Dewey Decimal Classification
Tipo de ítem Libro
Existencias
Withdrawn status Lost status Sistema de Clasificación Damaged status No para préstamo Colección Inventariado Ubicación Permanente Ubicación actual Fecha de adquisición Fuente de Valor Valor Total Checkouts Número topográfico Inventario / Código de Barras Date last seen Ejemplar Price effective from Forma de adquisición Tipo de material
    Dewey Decimal Classification     General Inventariado 2017 Bogotá Bogotá 01/06/2016 Instituto 39000.00   LB-577.38071 P98a15 040413 01/06/2016 Ej. 1 01/06/2016 Donación Libro
    Dewey Decimal Classification     General   Bogotá Bogotá 09/07/2019       LB-577.38071 P98a15 030501 09/07/2019 Ej. 3 09/07/2019 Canje Libro
    Dewey Decimal Classification     General Inventariado 2017 Sala Fabio Quevedo Sala Fabio Quevedo 01/06/2016 Instituto 39000.00   LB-577.38071 P98a15 040414 01/06/2016 Ej. 2 01/06/2016 Donación Libro